| 000 | 00532 a2200133 4500 | ||
|---|---|---|---|
| 082 | _aBIT-4 | ||
| 100 |
_aSaima Tariq _992931 |
||
| 245 |
_aClick Away Online Shopping with Data Mining (Customer Segmentation) _cSaima Tariq |
||
| 260 |
_aIslamabad, _bNUST School of Electrical Engineering & Computer Science, _c2006. |
||
| 300 |
_aviii, 60 p. : _bill. ; _c27 cm. + _eCD-ROM |
||
| 500 | _aSupervisors : Mr. Mansoor Shaukat, Mr. Shahrzad Khattak. | ||
| 856 | _uhttp://10.250.8.41:8080/xmlui/handle/123456789/5774 | ||
| 942 |
_cPR _kBIT-4 SAI _2ddc |
||
| 999 |
_c9367 _d9367 |
||